[Event "Moscow Tal Memorial 8th"]
[Site "Moscow"]
[Date "2013.06.21"]
[Round "7"]
[White "Kramnik, Vladimir"]
[Black "Andreikin, Dmitry"]
[Result "0-1"]
[WhiteElo "2803"]
[BlackElo "2713"]
[Annotator "Sumets,A"]
[PlyCount "83"]
[EventDate "2013.06.13"]
[EventType "tourn"]
[EventRounds "9"]
[EventCountry "RUS"]
[EventCategory "22"]
[SourceTitle "CBM 155"]
[Source "ChessBase"]
[SourceDate "2013.07.16"]
[SourceVersion "1"]
[SourceVersionDate "2013.07.16"]
[SourceQuality "1"]

1. d4 Nf6 2. c4 e6 3. g3 Bb4+ 4. Bd2 Bxd2+ 5. Qxd2 d5 {Ulf Andersson's
favourite weapon. It is a very reliable line.} 6. Bg2 O-O 7. Nf3 c6 {White
must not hurry with castling, which often leads to the same position.} 8. O-O (
8. Nc3 Nbd7 9. O-O b6 10. cxd5 cxd5 11. Rfc1 (11. Rac1 Bb7 12. Qf4 a6 13. Rfd1
Rc8 14. Ne5 Qe7 15. h4 Rfd8 16. Nd3 h6 17. e3 Rc4 18. a3 Rdc8 19. Bf1 Nf8 20.
Ne5 R4c7 $11 {Berkes,F-Cao Sang HUN-Ch Balatonlelle 20021/2-1/2 (70)}) 11... a6
12. Na4 a5 13. Ne5 Bb7 14. Nxd7 Nxd7 15. Qf4 Ba6 16. Bf1 Ra7 17. e3 Bxf1 18.
Kxf1 Qb8 19. Qxb8 Rxb8 20. Rc6 $14 {Moiseenko,A-Hernandez Carmenates, H Carlos
Torre Wimbledon 21st Merida 2008 1-0 (40)}) (8. Qc2 Nbd7 9. Nbd2 b6 10. O-O Bb7
11. b4 a5 12. a3 Qe7 13. Qb2 Rfb8 14. cxd5 cxd5 15. Rfc1 axb4 16. axb4 Rxa1 17.
Rxa1 Ra8 $11 {Vaganian,R-Parligras,M Gothenburg 2005 1/2-1/2 (30)}) 8... Nbd7
9. Rc1 {Here are examples featuring other options for White:} (9. Qc3 b6 10.
cxd5 cxd5 11. Qa3 a5 12. Rc1 Ba6 13. e3 Qb8 14. Nbd2 Rc8 15. Qe7 Re8 16. Qa3
Rc8 17. Qe7 Re8 18. Qa3 {1/2-1/2 Andreikin,D-Ibragimov,I TCh-RUS Loo RUS 2013.
Apparently this game managed to convince Dmitry Andreikin to play the line
with the black pieces.}) (9. Ne5 $5 {The most ambitious approach. After
trading knights on e5 Black begins to regret about ...Bb4+ and ...Bxd2. The
dark squares in his camp are vulnerable.} Nxe5 10. dxe5 Nd7 11. f4 (11. Qc3 Rb8
12. Nd2 Qc7 13. f4 b5 14. c5 b4 15. Qe3 a5 16. Nf3 a4 17. Rfc1 Rb5 18. Nd4 Rxc5
(18... Ra5 19. Qd2 a3 20. bxa3 (20. Qxb4 axb2 21. Qxb2 Ba6 $44) 20... bxa3 21.
Rab1 $14) 19. Rxc5 Nxc5 20. Rc1 Qb6 21. Nxe6 fxe6 22. Qxc5 Qxc5+ 23. Rxc5 Bb7
24. a3 $14 {Volokitin,A-Pogromsky,M TCh-Rus Loo RUS 2013 1-0 (74)}) 11... f6
12. exf6 Nxf6 13. Nc3 dxc4 14. Qxd8 Rxd8 15. Rad1 Re8 $1 16. Ne4 Nxe4 17. Bxe4
a5 (17... g6 18. Rc1 e5 $11) 18. Rc1 a4 19. a3 Ra5 20. Rxc4 Rd8 21. Bd3 e5 22.
f5 Rd4 $132 {Vitiugov,N-Zvjaginsev,V Rapid Cup St Petersburg RUS 2012 1-0 (36)}
) 9... Qe7 10. Qe3 dxc4 {A rare but probably the strongest continuation. After
Black's last move it is very difficult for White to get an openning advantage}
(10... Re8 {The main line} 11. Nbd2 ({Another continuation also deserves
attention} 11. Ne5 $5 $146 Nxe5 (11... Qb4 $5 12. b3 Nxe5 13. dxe5 Nd7 14. f4
Qb6) 12. dxe5 Nd7 13. Nd2 b6 (13... a5 $5 14. Nf3 a4 15. Rc2 Ra5 $13) 14. cxd5
cxd5 15. Qd4 (15. Nc4 $1 Rd8 16. Nd6 f6 17. f4 $16) 15... Ba6 16. e4 Nc5 17.
exd5 exd5 $11 {Harika,D-Danielian,E FIDE WGP Dilijan ARM 2013 1-0 (78)}) 11...
e5 (11... dxc4 $6 12. Nxc4 Nd5 13. Qb3 $16) 12. dxe5 Nxe5 13. Qxe5 Qxe5 14.
Nxe5 Rxe5 15. cxd5 Nxd5 16. e4 Nb6 (16... Nc7 17. Nc4 Re7 18. Na5 Kf8 19. b4
Rb8 20. a4 Be6 21. Rab1 a6 22. f4 f6 23. Rd1 Ke8 24. Kf2 Rd7 25. Ke3 Ke7 26.
Bf3 Rxd1 27. Rxd1 Bd7 28. Rc1 Ne6 29. h4 Nd8 $11 {Karpov,A-Andersson,U Belfort
1988 1/2-1/2 (77)}) 17. f4 Re7 18. a4 a5 19. Nb3 f6 20. Ra3 Be6 21. Nc5 Bf7 22.
Rd3 Rae8 23. Bh3 Nc8 24. Bd7 Rd8 25. Rcd1 $16 {Karpov,A-Andersson,U ol (Men)
Thessaloniki 1988 1-0 (53)}) 11. Rxc4 Nd5 12. Qa3 $146 (12. Qe4 {is another
try to get an opening edge:} f5 $5 (12... N5f6 13. Qf4 Re8 14. Ne5 $5 (14. e4
e5 15. dxe5 Nxe5 16. Nxe5 Qxe5 17. Qxe5 Rxe5 18. f4 Re7 19. Nc3 Rd7 20. Rd1
Rxd1+ 21. Nxd1 Be6 $11)) 13. Qd3 (13. Qc2 $2 b5 14. Rxc6 Bb7 $17) 13... b6 14.
Rc1 (14. Rxc6 $6 Nb4 15. Qb5 Nxc6 16. Qxc6 Ba6 17. Nc3 Rfc8 18. Qa4 Bb7 $15)
14... Bb7 15. Nbd2 e5 $6 (15... c5 16. e4 fxe4 17. Qxe4 Rab8 $11 {the position
is about equal}) 16. e4 fxe4 17. Nxe4 Rae8 18. Re1 h6 19. Re2 (19. Rac1 $5 $16)
19... c5 20. Nxe5 Nxe5 21. dxe5 Nb4 22. Qb3+ $16 {Khairullin,I-Zvjaginsev,V
Rapid Cup St Petersburg RUS 2012 1/2-1/2 (32)}) 12... Re8 13. Qxe7 Rxe7 {
White has a space advantage and slightly better development. However, if Black
manages to solve the problem of developing his bishop (after ...e5 or after ...
b6, ...Bb7, ...c5) then the position will be equal.} 14. e4 N5b6 15. Rc2 e5 $1
16. Nbd2 (16. Nc3 {White could have tried} exd4 17. Nxd4 Nc5 {It seems that
Black could be satisfied with the openning result} 18. f4 (18. Rd1 g6 19. b4
Ne6 20. Nb3 Kg7) 18... g6 19. h3 Ne6 20. Nde2 f6 21. Rd1 a5 22. Kf2 Kg7 $11)
16... a5 $5 17. a3 {It is very easy to criticise a player who lost a game but
I really can't explain the last move. The only explanation that I have is that
Vladimir Kramnik failed to find an advantage in the direct lines such as} (17.
Nxe5 Nxe5 18. dxe5 Rxe5 19. f4 Re8 (19... Re7 20. f5 $5 {White gains space and
hampers the development of Black's pieces. It seems to me that after this move
White has better chances.} Rd7 (20... f6 21. Rd1 g6 22. g4 Kg7 23. Nc4 Nxc4 24.
Rxc4 Bd7 25. Rd6 $14) (20... g6 21. g4 Nd7 22. Nc4 Nf6 $6 23. Rd1 Re8 24. g5
Nh5 25. Rf2 $16) 21. Nf3 f6 22. g4 Re7 23. Re1 Bd7 24. e5 fxe5 25. Rce2 h5 26.
h3 hxg4 27. hxg4 Be8 28. Nxe5 $14) 20. Kf2 (20. f5 g6 21. g4 Nd7 22. Nc4 Nf6 $1
{Here we can see the very important difference between the black rook's
location on e7 and e8.} (22... Ne5 $6 23. Nxe5 Rxe5 24. Rd1 Re8 25. Kf2 $14)
23. h3 (23. Nd6 Rd8 24. Nxc8 Raxc8 25. g5 Nd7 26. Rd1 Ne5 27. Rcd2 Rxd2 28.
Rxd2 $11) 23... Nxe4 24. Nb6 Rb8 25. fxg6 hxg6 26. Rd1 f5 27. Re2 Be6 $11)
20... g6 21. Nb3 (21. Rd1 $6 Rd8) 21... a4 22. Nc5 Nd7 23. Rd1 Nxc5 24. Rxc5
Be6 $11) 17... g6 {It is necessary to control the important square f5.} 18.
Rac1 exd4 $1 19. Nxd4 Ne5 $1 20. f4 Rd7 $1 {The tactical justification of 19...
Ne5.} (20... Ng4 $6 21. Re1 Re8 22. h3 Nh6 23. N2b3 $14) 21. Ne2 Ng4 {From the
human point of view this is the strongest move.} (21... Nd3 $5 {Black doesn't
need to put his knight in danger. As you can see the knight has no squares to
retreat and could be trapped. However I consider move 21...Nd3 as the best one
and it easily proves that Black is out of danger.} 22. Rb1 (22. Rd1 Na4 23. b3
Nac5 24. e5 Kg7 25. Nc3 Rd8 26. Nce4 a4 27. b4 Nb3 28. Nxb3 (28. Nc4 Bg4 29.
Rb1 Nd4 30. Rd2 Nb3 $11) 28... axb3 29. Rcd2 Bg4 30. Rb1 Rxa3 31. Bf1 b2 32.
Nd6 Nxb4 33. Rdxb2 Nd5 34. Rxb7 Be6 35. Nxf7 Bxf7 36. e6 Rf8 $11) 22... Rd8 23.
Nf3 Na4 24. b4 axb4 25. axb4 Nb6 26. Nc1 (26. Rd1 $2 Be6 27. Rcd2 Bb3 28. Rb1
Nc4 $19) (26. Rd2 $2 Nc4 27. Rdd1 Ne3 $17) 26... Be6 27. Nxd3 Rxd3 28. b5 cxb5
29. Rxb5 Ra1+ 30. Kf2 Nc4 31. Rxb7 Ne3 32. Ne5 Rda3 33. Rd2 Nd1+ 34. Ke2 Ne3
35. Kf2 Nd1+ $11) 22. Nf1 Rd8 23. h3 Nf6 24. Rd2 Be6 25. Kf2 ({White could
have probably kept a tiny plus due to his space advantage and potentially
strong bishop after simplifications starting with} 25. Nd4 Nc4 26. Nxe6 Nxd2
27. Nxd8 Nxf1 28. Kxf1 Rxd8 29. Ke2 {he most likely outcome here is a draw.})
25... Na4 $1 26. Rcc2 Nd7 27. Ke3 $4 {A blunder.} (27. Nc1 f6 28. Rd4 Ndc5 29.
Rxd8+ Rxd8 30. Nd2 Kg7 31. Ke3 Nd7 (31... h5 $2 32. b3 $18) 32. Ncb3 Ra8 33.
Bf1 Nab6 34. Nd4 Bf7 {The position is about equal.}) (27. g4 Ndc5 28. Nc1 f6
29. Rxd8+ Rxd8 30. Nd2 Nb6 31. Ke3 (31. Rxc5 $2 Rxd2+ 32. Kg3 Rxb2) 31... Ncd7
32. Bf1 Kf8 33. Ncb3 Ra8 $11) 27... Bb3 $1 {White's position is hopeless.} 28.
Rc1 Ndb6 $1 29. Rd4 (29. Kf2 Nc4 30. Rxd8+ Rxd8 31. e5 Naxb2 $19) 29... c5 30.
Rxd8+ Rxd8 {White is going to lose 2 pawns (b2, a3).} 31. e5 Nc4+ 32. Kf3 Naxb2
$19 33. Nc3 Nxa3 34. Ne3 b5 35. Ne4 Nd3 36. Rh1 {Vladimir Kramnik tries to
create counterplay. It is difficult to come up with something good in such a
sort of position.} Nc2 37. Nxc2 Bxc2 38. h4 b4 39. h5 gxh5 40. Nf6+ Kf8 41. Ke3
(41. Nxh7+ Ke7) 41... b3 42. Nd5 0-1

[Event "FIDE World Cup"]
[Site "Tromsoe"]
[Date "2013.08.22"]
[Round "4.3"]
[White "Andreikin, Dmitry"]
[Black "Karjakin, Sergey"]
[Result "1-0"]
[WhiteElo "2716"]
[BlackElo "2772"]
[Annotator "Andreikin,D"]
[PlyCount "63"]
[EventDate "2013.08.11"]
[EventType "k.o."]
[EventRounds "7"]
[EventCountry "NOR"]
[SourceTitle "CBM 156"]
[Source "ChessBase"]
[SourceDate "2013.09.17"]
[SourceVersion "1"]
[SourceVersionDate "2013.09.17"]
[SourceQuality "1"]

1. d4 Nf6 2. Nf3 e6 3. Bg5 d5 4. Nbd2 {I think these moves are quite suitable
for rapid chess.} h6 5. Bh4 c5 6. e3 Nc6 7. c3 {These moves were made rather
quickly. White's position has many active ideas.} Qb6 {You can't call this
move a mistake, but it isn't quite clear. Usually White uses it in the opening,
but I have an extra tempo and I don't have to defend my pawn with the queen.
The more reasonable alternative looks like this} (7... Bd6 $5 8. Bd3 O-O 9. O-O
e5 10. e4 g5 11. dxc5 dxe4 12. Nxe4 Nxe4 13. Bxe4 Bxc5 14. Bg3 Qxd1 15. Raxd1
f6 16. b4 Be7 17. Ne1 $11) 8. Rb1 {Of course, I am not going to exchange
queens.} Be7 9. Bd3 {White has a nice position.} Nh5 $6 {This move looks
strange, especially in connection with the previous one. It's better to move
the knight to d7, though after} (9... Nd7 10. Bg3 $1 {Black is unbalanced, it
is not clear how to develop the queenside. Castling, recommended by the
computer, looks rather dangerous.}) (9... O-O 10. O-O Bd7 11. Ne5 $1 Qc7 12. f4
{with attack.}) 10. Bxe7 {It is possible to play on the queenside:} (10. b4 $5
cxb4 (10... cxd4 11. b5 $1 Na5 12. cxd4 $14) 11. Bxe7 Nxe7 12. Rxb4 Qc7 13.
Bb5+ Kf8 14. O-O Nf6 15. Qc2 $14 {but I decided not to change the master plan,
my aim is to reach the black king!}) 10... Nxe7 11. O-O {Here I could have
transferred my queen, but in rapid chess such ideas are often hard to see.} (
11. dxc5 $1 Qxc5 12. Qa4+ Bd7 13. Qg4 $1 g6 14. Ne5 Qd6 15. Ndf3 {with a
strong initiative for White. This variation shows the weakness of the 7th and
the 9th moves of Black.}) 11... Nf6 12. Ne5 {The attack! Houdini comments like
this:} (12. Qa4+ Bd7 13. Qa3 cxd4 14. cxd4 Nc6 15. b4 $1 $14) 12... O-O 13. f4
{Exactly like this! My aim is to go ahead, whereas Black's pieces are not in
the game yet. It doesn't make sense to exchange the bishops.} Ne8 {Black is
preparing ahead his defence against the White g-pawn. Black is in danger:} (
13... Bd7 14. g4 Bb5 (14... Be8 15. g5 hxg5 16. fxg5 Nd7 17. Ndf3 $40) 15. g5
hxg5 (15... Bxd3 16. gxf6 Bxb1 17. fxe7 $16) 16. fxg5 Nd7 17. Qh5 Bxd3 18. Nxd7
Qa6 19. Nf6+ $1 gxf6 20. gxf6 Bxb1 21. Rf2 $1 Qd3 22. Rg2+ Qg6 23. fxe7 Rfe8
24. Nxb1 $18) 14. Qh5 {In connection with the black knight retreat I have
extra chances. Why not using the strongest piece?} f6 {This move strengthens
the game. Perhaps, Black should strengthen his position.} (14... f5 $5 15. Qh4
Nf6 16. Rf3 cxd4 17. exd4 Qd6 18. Re1 Bd7 19. Rg3 Kh8 $14) 15. Ng6 {The
immediate moving of the pawn is more effective} (15. g4 $1 {I saw this move,
but didn't take the risk of playing it. I thought my simple move would lead to
a strong advantage. I didn't want to "overthink it". Now after} fxe5 16. fxe5 {
Black has to give the piece back} Nf5 {and now comes a quiet move} 17. Rf2 $1
$16) 15... Nxg6 16. Bxg6 {I could make my opponent play f6-f5 and then
continue a long fight.} (16. Qxg6 f5 17. Nf3 $14 {But I know very well that
it's very difficult to win a slightly better position against Sergey. So I
undertook a direct attack. I kept in mind that at the moment he was in time
trouble. I think my decision was right.}) 16... Bd7 17. g4 $1 {Black wants to
exchange bishops, but he lacks a tempo.} cxd4 $6 {The opening of the e-line is
in White's favour. The variation looks weak-spirited} (17... Nd6 18. g5 Be8 19.
Bxe8 Raxe8 20. gxh6 Nf5 $16) ({Black should have considered} 17... Bb5 $5 18.
Rf2 Nd6 {Black is safe against g4-g5, but suddenly the white knight enters the
game!} 19. Nb3 $1 {So, again Black gives up his pawn.} cxd4 (19... c4 $6 20.
Nc5 $40) 20. Nxd4 Be8 (20... Bd7 21. Rg2 $1 {the threat is great g4-g5}) 21.
Nxe6 Bxg6 22. Qxg6 Rf7 23. Nd4 Re8 24. Re2 $14 {Black has some compensation
for his pawn and a chance to draw.}) 18. exd4 Qd8 {A vain attempt to hold the
position.} 19. Nf3 {Still another piece is in the game! Houdini considers the
line:} (19. g5 fxg5 20. fxg5 Rxf1+ (20... Qxg5+ 21. Qxg5 hxg5 22. Bh7+ Kxh7 23.
Rxf8 $18) 21. Rxf1 Qxg5+ 22. Qxg5 hxg5 23. Bf7+ Kh7 24. Nf3 Nf6 25. Nxg5+ Kh6
26. h4 $16 {I saw the lines while playing, but I didn't think they are strong
enough.}) 19... Qc7 20. Nh4 {It's a reasonable move, but still using the rook
could be tough.} (20. Rbe1 $1 $16) 20... Bb5 21. Rfe1 $1 {It's time for the
decisive attack!} ({The line} 21. Rf2 Nd6 22. Re1 Rae8 $1 {shows that Black is
still alive.}) 21... Bd7 {Taking the pawn leads to a poor ending for Black.} (
21... Qxf4 22. Rxe6 f5 $1 23. Bh7+ $5 Kxh7 24. Ng6 Nf6 25. Nxf4 Nxh5 26. gxh5
Rae8 27. Rbe1 Rxe6 28. Rxe6 $16) 22. f5 {I didn't want to play a complicated
ending:} (22. Bd3 Qxf4 23. Ng6 Qg5 24. Ne7+ Kh8 25. Qxg5 fxg5 26. Ng6+ Kg8 27.
Nxf8 Kxf8 $16 {White's position is winning, but he has to work hard to achieve
the result.}) 22... e5 (22... exf5 $4 23. Re7 $18) 23. dxe5 fxe5 24. g5 {
The brave pawn continues its mission. In spite of the open position, the white
king feels comfortable, because all the black pieces are too passive.} Qc5+ 25.
Kg2 d4 ({A more difficult task for White could be in the line} 25... Bc6 26.
gxh6 Nf6 27. Qg5 gxh6 28. Qxh6 Qc4 {and here two beautiful moves in a row are
required from White:} 29. Bh7+ $3 Nxh7 30. Rg1 $3 $18) 26. gxh6 {There was a
more straightforward way to win:} (26. f6 Bc6+ 27. Kg3 Nxf6 28. gxf6 Rxf6 29.
Qxe5 $18) 26... Nf6 27. Qg5 gxh6 28. Qxh6 dxc3 {Black could use his queen in
his defence, but after} (28... Qe7 29. cxd4 e4 30. Rg1 Qg7 31. Qe3 $1 {the end
is near.}) 29. Kh3 $1 {The white king is quite safe and it watches its rooks.}
c2 30. Rbc1 {At such decisive moments it is important not to make a beautiful
sacrifice. Black has no defense on the g-file.} Qd4 31. Rg1 Qd3+ 32. Rg3 1-0

[Event "RUS-ch 66th"]
[Site "Nizhnij Novgorod"]
[Date "2013.10.05"]
[Round "1"]
[White "Andreikin, Dmitry"]
[Black "Karjakin, Sergey"]
[Result "1-0"]
[WhiteElo "2706"]
[BlackElo "2762"]
[PlyCount "85"]
[EventDate "2013.10.05"]
[EventType "tourn"]
[EventRounds "9"]
[EventCountry "RUS"]
[EventCategory "18"]
[SourceTitle "CBM 157"]
[Source "ChessBase"]
[SourceDate "2013.11.12"]
[SourceVersion "1"]
[SourceVersionDate "2013.11.12"]
[SourceQuality "1"]

1. Nf3 Nf6 2. c4 b6 3. Nc3 Bb7 4. d4 e6 5. a3 d5 6. cxd5 Nxd5 7. e3 g6 8. h4
Bg7 9. h5 Nd7 10. Bd3 Nxc3 11. bxc3 e5 12. e4 Qe7 13. O-O O-O 14. Re1 Rfe8 15.
a4 a6 16. Bc4 c6 17. h6 Bf6 18. Ba3 c5 19. dxc5 Nxc5 20. Bxc5 Qxc5 21. Qb3 Re7
22. Rab1 Bc6 23. Red1 Rb8 24. Bd5 Be8 25. c4 Rc7 26. Ra1 Kf8 27. Qb2 a5 28. Rd3
Kg8 29. Rb3 Ra7 30. Ne1 Qd4 31. Qa2 Be7 32. Nf3 Qc5 33. Nxe5 Bg5 34. Ng4 Qd4
35. c5 Kf8 36. c6 f5 37. Rf3 Bf7 38. Ne3 fxe4 39. Rd1 Qc5 40. Bxe4 Bxh6 41. Rd7
Rxd7 42. cxd7 Qc1+ 43. Kh2 1-0